Mass culture of the rotifer, Brabchionus plicatilis, for use as foodstuff in aquaculture

में बचाया:
ग्रंथसूची विवरण
मुख्य लेखक: Fontaine, Clark T.
स्वरूप: पुस्तक
भाषा:Undetermined
प्रकाशित: Texas, U.S.A. U.S. Dept. of Commerce 1979
विषय:
टैग : टैग जोड़ें
कोई टैग नहीं, इस रिकॉर्ड को टैग करने वाले पहले व्यक्ति बनें!
Thư viện lưu trữ: Trung tâm Học liệu Trường Đại học Cần Thơ
LEADER 00564nam a2200181Ia 4500
001 CTU_150073
008 210402s9999 xx 000 0 und d
082 |a 577.6 
082 |b F678 
100 |a Fontaine, Clark T. 
245 0 |a Mass culture of the rotifer, Brabchionus plicatilis, for use as foodstuff in aquaculture 
245 0 |c Clark T. Fontaine, Dickie B. Revera 
260 |a Texas, U.S.A. 
260 |b U.S. Dept. of Commerce 
260 |c 1979 
650 |a Aquatic ecology 
904 |i Giang 
980 |a Trung tâm Học liệu Trường Đại học Cần Thơ